El poder y el valor: fundamentos de una ética política

Saved in:
Bibliografiske detaljer
Hovedforfatter: Villoro, Luis (Author)
Format: Bog
Sprog:spansk
Udgivet: Ciudad de México Fondo de Cultura Económica 1997
Udgivelse:1a. ed
Serier:Filosofía
Fag:
Tags: Tilføj Tag
Ingen Tags, Vær først til at tagge denne postø!

MARC

LEADER 00000cam a2200000 a 4500
001 UCH5655
003 CL-VaPUC
008 091015e19970000MX |||||||||||||||||spa|d
020 |a 9789681653972 
082 0 4 |a 320.1  |b VIL  |2 21 
100 0 |a Villoro, Luis  |e author  |9 541962 
245 1 3 |a El poder y el valor: fundamentos de una ética política 
250 |a 1a. ed 
300 |a 400 p 
942 |c BK 
945 |d 20091015 00:00:00  |a rbrito 
260 |a Ciudad de México  |b Fondo de Cultura Económica  |c 1997 
650 7 |a FILOSOFIA POLITICA  |2 CL-VaPUC  |9 541963 
650 0 |a Etica política   |9 255799 
583 |a last modification  |c 20160913 04:35:57  |k Rodrigo Vera 
490 0 |a Filosofía 
999 |c 336759  |d 336757 
952 |0 0  |1 0  |4 0  |6 320_100000000000000_VIL_1997  |7 0  |8 A  |9 428681  |a BIBEDU  |b BIBEDU  |d 2019-11-22  |i 4608372  |o 320.1 VIL 1997  |p 4608372  |r 2019-11-22  |w 2019-11-22  |y BK  |k FIL 
952 |0 0  |1 0  |4 0  |6 320_100000000000000_VIL_1997  |7 0  |8 A  |9 428682  |a BIBEDU  |b BIBEDU  |d 2019-11-22  |i 4680588  |o 320.1 VIL 1997  |p 4680588  |r 2019-11-22  |w 2019-11-22  |y BK  |k PSI 
952 |0 0  |1 0  |3 erb  |4 0  |6 320_100000000000000_VIL_1997  |7 0  |8 A  |9 428683  |a BIBEDU  |b BIBEDU  |i 5053013  |o 320.1 VIL 1997  |p 5053013  |r 2019-11-22  |w 2019-11-22  |y BK  |z Catalogado en:20140124  |k FIL